000
00337nam a2200133Ia 4500
008
151001s9999||||xx |||||||||||||| ||und||
100
_a
बाळ फोंडके
245
_a
कसं
250
_a
5
260
_b
मनोविकास प्रकाशन पुणे
260
_c
2013
300
_a
83
365
_b
23
999
_c
999017
_d
999014